Discrete, continuous, and hybrid Petri Nets / (Record no. 33155)

000 -LEADER
fixed length control field 01223cam a2200349 a 4500
001 - CONTROL NUMBER
control field 15999908
003 - CONTROL NUMBER IDENTIFIER
control field OSt
005 - DATE AND TIME OF LATEST TRANSACTION
control field 20210914154109.0
008 - FIXED-LENGTH DATA ELEMENTS--GENERAL INFORMATION
fixed length control field 091127s2010 gw a f b 001 0 eng
010 ## - LIBRARY OF CONGRESS CONTROL NUMBER
LC control number 2009942252
020 ## - INTERNATIONAL STANDARD BOOK NUMBER
International Standard Book Number 9783642106682
038 ## - RECORD CONTENT LICENSOR
Staff Name khadija
040 ## - CATALOGING SOURCE
Original cataloging agency DLC
Transcribing agency DLC
Modifying agency DLC
042 ## - AUTHENTICATION CODE
Authentication code pcc
050 00 - LIBRARY OF CONGRESS CALL NUMBER
Classification number TA347.N46
Item number D38 2010
082 ## - DEWEY DECIMAL CLASSIFICATION NUMBER
Classification number 511.35
Author Mark DAV
100 1# - MAIN ENTRY--PERSONAL NAME
Personal name David, René,
Dates associated with a name 1939-
9 (RLIN) 82462
245 10 - TITLE STATEMENT
Title Discrete, continuous, and hybrid Petri Nets /
Statement of responsibility, etc. René David and Hassane Alla.
250 ## - EDITION STATEMENT
Edition statement 2nd ed.
260 ## - PUBLICATION, DISTRIBUTION, ETC.
Place of publication, distribution, etc. Berlin :
Name of publisher, distributor, etc. Springer,
Date of publication, distribution, etc. c2010.
300 ## - PHYSICAL DESCRIPTION
Extent xxii, 550 p. :
Other physical details ill. ;
Dimensions 25 cm.
504 ## - BIBLIOGRAPHY, ETC. NOTE
Bibliography, etc. note Includes bibliographical references (p. [525]-540) and index.
563 ## - BINDING INFORMATION
Binding note hardcover
650 #0 - SUBJECT ADDED ENTRY--TOPICAL TERM
Topical term or geographic name entry element Petri nets.
9 (RLIN) 82463
700 1# - ADDED ENTRY--PERSONAL NAME
Personal name Alla, H.
Fuller form of name (Hassane)
9 (RLIN) 82464
856 41 - ELECTRONIC LOCATION AND ACCESS
Materials specified Table of contents only
Uniform Resource Identifier <a href="http://www.loc.gov/catdir/enhancements/fy1315/2009942252-t.html">http://www.loc.gov/catdir/enhancements/fy1315/2009942252-t.html</a>
856 42 - ELECTRONIC LOCATION AND ACCESS
Materials specified Publisher description
Uniform Resource Identifier <a href="http://www.loc.gov/catdir/enhancements/fy1315/2009942252-d.html">http://www.loc.gov/catdir/enhancements/fy1315/2009942252-d.html</a>
906 ## - LOCAL DATA ELEMENT F, LDF (RLIN)
a 7
b cbc
c origcop
d 2
e epcn
f 20
g y-gencatlg
942 ## - ADDED ENTRY ELEMENTS (KOHA)
Source of classification or shelving scheme
Koha item type Book
Holdings
Withdrawn status Lost status Source of classification or shelving scheme Damaged status Not for loan Permanent Location Current Location Shelving location Date acquired Full call number Barcode Date last seen Price effective from Koha item type Public note
          School of Mechanical & Manufacturing Engineering (SMME) School of Mechanical & Manufacturing Engineering (SMME) General Stacks 01/01/2016 511.35 DAV SMME-1935 03/29/2018 01/01/2016 Book Rack,48-Shelf,3
© 2023 Central Library, National University of Sciences and Technology. All Rights Reserved.